Statistiques concernant mon 11 de légende ( football ) 4

Cliquez ici pour prendre le quiz!

Statistiques générales

  • Ce quiz a été pris 206 fois
  • Le résultat moyen est 12 sur 19

Statistiques - réponses

HintRéponse% Correct
gardienreal madridcasillas
94%
défenseur centralreal madrid / psgramos
91%
défenseur gauchereal madridmarcelo
88%
ailier gauchemonaco / psgmbappe
81%
buteurreal madrid / juventus / manchester unitedronaldo
75%
défenseur centralajax / juventus / bayernde ligt
74%
rp gardienreal madrid / psgnavas
74%
rp milieuleicester / chelseakante
67%
défenseur droitbruges / dortmund / psgmeunier
67%
rp buteurdortmund / manchester cityhaaland
66%
rp milieujuventus / manchester unitedpogba
66%
rp buteurmarseille / chelseadrogba
61%
rp ailier gauchelille / chelseahazard
57%
milieudortmundbellingham
56%
milieuac milan / real madridkaka
49%
rp défenseur centralchelsea / psgdavid luiz
45%
milieureal madrid / monaco / bayernjames rodriguez
35%
ailier droitajaxziyech
29%
rp buteurliverpool / lilleorigi
20%

Distribution des résultats

Percentile par nombre de réponses

% des personnes avec chaque résultat

Votre développement - résultats

Vous n’avez pas pris ce quiz